00403pab a2200133 454500008004000000100001800040245005800058260000900116300001500125650003500140650002700175700001900202773004800221180718b2005 xxu||||| |||| 00| 0 eng d aHaragopal, G. aHuman rights education in India concepts and concerns c2005 ap.104-122. aHuman rights education - India aHuman rights education aSudarshnam, G. aThe National Human Rights Commission, India